[Event "Cambados op 23rd"]
[Site "Cambados"]
[Date "2007.08.09"]
[Round "8"]
[White "Torrado Quintela, Julio"]
[Black "Starostits, Ilmars"]
[Result "0-1"]
[WhiteElo "2261"]
[BlackElo "2497"]
[PlyCount "152"]
[EventDate "2007.08.02"]
[EventType "swiss"]
[EventRounds "9"]
[EventCountry "ESP"]
[SourceTitle "CBM 119 Extra"]
[Source "ChessBase"]
[SourceDate "2007.09.04"]
[SourceVersion "1"]
[SourceVersionDate "2007.09.04"]
[SourceQuality "1"]

1. d4 d5 2. Nf3 Bf5 3. Bg5 c5 4. e3 Nc6 5. dxc5 f6 6. Bh4 e5 7. Be2 Bxc5 8. 0-0 Nge7 9. c3 a5 10. Nbd2 0-0 11. Nb3 Bb6 12. c4 a4 13. cxd5 Nxd5 14. Bc4 Be6 15. Nbd2 Kh8 16. Rc1 a3 17. bxa3 Rxa3 18. Bb3 Na5 19. Nxe5 Nxb3 20. axb3 Nxe3 21. Qh5 Nxf1 22. Ng6+ Kg8 23. Nxf8 Qxf8 24. Rxf1 Bc5 25. h3 b6 26. Re1 Bf7 27. Qg4 h5 28. Qd7 Qa8 29. Bg3 Qd5 30. Qxd5 Bxd5 31. Rb1 Kf7 32. Kf1 Ke6 33. f3 Bb4 34. Ke2 Bxd2 35. Kxd2 Ra2+ 36. Ke3 Rxg2 37. Bc7 b5 38. b4 Rc2 39. Bb8 Rc3+ 40. Kd4 Rc4+ 41. Ke3 Rc8 42. Bh2 Rc3+ 43. Kd4 Rc4+ 44. Ke3 Rh4 45. Bb8 Rxh3 46. Rf1 g5 47. Kd4 Bc4 48. Rf2 Kf5 49. Bc7 Rh1 50. Rd2 Re1 51. Bg3 Re8 52. Rc2 Rd8+ 53. Kc5 Rd5+ 54. Kb6 Rd3 55. Rf2 h4 56. Bb8 Kg6 57. Kc5 f5 58. Bd6 g4 59. fxg4 fxg4 60. Be7 h3 61. Rf6+ Kg7 62. Rf4 Rd5+ 63. Kb6 h2 64. Rxg4+ Kf7 65. Rh4 Kxe7 66. Rxh2 Kd6 67. Rh6+ Ke5 68. Ka5 Rd1 69. Rh8 Ra1+ 70. Kb6 Kd4 71. Rh4+ Kc3 72. Kc5 Rd1 73. Rh3+ Rd3 74. Rh5 Kb3 75. Rg5 Ka4 76. Rf5 Rd5+ 0-1

[Event "ESP-ch Student"]
[Site "Cartagena"]
[Date "2007.05.09"]
[Round "8"]
[White "Torrado Quintela, Julio"]
[Black "Claros Egea, Christian"]
[Result "1-0"]
[WhiteElo "2184"]
[BlackElo "2273"]
[PlyCount "91"]
[EventDate "2007.05.06"]
[EventType "swiss"]
[EventRounds "9"]
[EventCountry "ESP"]
[SourceTitle "CBM 118 Extra"]
[Source "ChessBase"]
[SourceDate "2007.07.04"]
[SourceVersion "1"]
[SourceVersionDate "2007.07.04"]
[SourceQuality "1"]

1. e4 c5 2. Nc3 Nc6 3. Nf3 g6 4. d4 cxd4 5. Nxd4 Bg7 6. Be3 Nf6 7. Nb3 0-0 8. Be2 d6 9. 0-0 a6 10. a4 Be6 11. a5 Bxb3 12. Bb6 Bxc2 13. Qxc2 Qd7 14. Rfd1 Rac8 15. Qb3 g5 16. Be3 h6 17. f3 Ne5 18. Na4 Rc6 19. Nb6 Qc7 20. Rac1 Ned7 21. Rxc6 bxc6 22. Bxa6 c5 23. Bc4 Rb8 24. Bxf7+ Kh8 25. Qe6 Nxb6 26. axb6 Qxb6 27. b3 Ng8 28. h4 gxh4 29. Qg4 Rf8 30. Bc4 Qb8 31. Qxh4 Qe8 32. Bxg8 Kxg8 33. Bxh6 Qg6 34. Bxg7 Qxg7 35. Rd5 Kf7 36. Qh5+ Ke6 37. Qh3+ Kf7 38. Qf5+ Kg8 39. Qh5 Qa1+ 40. Kh2 Rf7 41. Qg4+ Rg7 42. Qe6+ Kh8 43. Qc8+ Rg8 44. Rh5+ Kg7 45. Qg4+ Kf7 46. Rf5+ 1-0

[Event "ESP-ch Student"]
[Site "Cartagena"]
[Date "2007.05.07"]
[Round "1"]
[White "Ortiz Fernandez, David"]
[Black "Torrado Quintela, Julio"]
[Result "0-1"]
[WhiteElo "1875"]
[BlackElo "2184"]
[PlyCount "78"]
[EventDate "2007.05.06"]
[EventType "swiss"]
[EventRounds "9"]
[EventCountry "ESP"]
[SourceTitle "CBM 118 Extra"]
[Source "ChessBase"]
[SourceDate "2007.07.04"]
[SourceVersion "1"]
[SourceVersionDate "2007.07.04"]
[SourceQuality "1"]

1. e4 c5 2. Nf3 d6 3. c3 Nf6 4. Bb5+ Bd7 5. Qe2 a6 6. Bxd7+ Nbxd7 7. d4 e6 8. 0-0 Be7 9. Bf4 0-0 10. Nbd2 b5 11. a4 Qb6 12. axb5 axb5 13. Nb3 b4 14. Qc2 Rxa1 15. Rxa1 bxc3 16. bxc3 Nxe4 17. Rb1 Qc6 18. Na5 Qa8 19. Rb7 Qxa5 20. Qxe4 Nf6 21. Qd3 Nd5 22. Bd2 Qa1+ 23. Rb1 Qa3 24. h3 Bf6 25. Qc2 c4 26. Qb2 Qxb2 27. Rxb2 h6 28. Kf1 Ra8 29. Rb7 Kf8 30. Ke2 Ke8 31. Ne1 Ra2 32. Kd1 Bg5 33. f4 Bxf4 34. Bxf4 Nxf4 35. Rb8+ Ke7 36. Nc2 Nxg2 37. Nb4 Ne3+ 38. Kc1 Rh2 39. Nc6+ Kf6 0-1

[Event "ESP-ch Student"]
[Site "Cartagena"]
[Date "2007.05.07"]
[Round "2"]
[White "Torrado Quintela, Julio"]
[Black "Ausin Matilla, Daniel"]
[Result "1-0"]
[WhiteElo "2184"]
[BlackElo "1942"]
[PlyCount "105"]
[EventDate "2007.05.06"]
[EventType "swiss"]
[EventRounds "9"]
[EventCountry "ESP"]
[SourceTitle "CBM 118 Extra"]
[Source "ChessBase"]
[SourceDate "2007.07.04"]
[SourceVersion "1"]
[SourceVersionDate "2007.07.04"]
[SourceQuality "1"]

1. e4 c5 2. Nc3 Nc6 3. Nf3 e6 4. d4 cxd4 5. Nxd4 Qc7 6. Nxc6 bxc6 7. Bd3 Nf6 8. 0-0 d5 9. Qe2 Bb7 10. Bg5 Be7 11. Bxf6 Bxf6 12. exd5 cxd5 13. Bb5+ Kf8 14. Nd1 Be5 15. h3 g6 16. c3 Kg7 17. Ne3 h5 18. Nc2 a6 19. Bd3 Rab8 20. Rae1 Bh2+ 21. Kh1 Bd6 22. f4 Bxf4 23. Qf2 Bg3 24. Qf6+ Kg8 25. Bxg6 Rh6 26. Qxf7+ Qxf7 27. Bxf7+ Kg7 28. Rxe6 Rf8 29. Rxh6 Kxh6 30. Nd4 Bc8 31. Rf3 h4 32. Bxd5 Rxf3 33. Bxf3 Kg5 34. Kg1 Kf6 35. Kf1 Bd7 36. Ke2 Ke5 37. Kd3 Kd6 38. b4 Bb5+ 39. c4 Bd7 40. c5+ Kc7 41. Kc4 Be1 42. c6 Bc8 43. a4 a5 44. Nb5+ Kb6 45. bxa5+ Kxa5 46. Bd1 Kb6 47. Kd5 Bg3 48. Bg4 Ba6 49. c7 Bb7+ 50. Kd4 Bxc7 51. Nxc7 Kxc7 52. Bf3 Bc8 53. Ke5 1-0

[Event "Pedrido Memorial"]
[Site "Vilagarcia de Arousa"]
[Date "2006.08.30"]
[Round "6"]
[White "Cebrian Ramos, Jose Luis"]
[Black "Torrado Quintela, Julio"]
[Result "1-0"]
[WhiteElo "2102"]
[BlackElo "2201"]
[PlyCount "129"]
[EventDate "2006.07.25"]
[EventType "swiss"]
[EventRounds "9"]
[EventCountry "ESP"]
[SourceTitle "CBM 113 Extra"]
[Source "ChessBase"]
[SourceDate "2006.09.14"]
[SourceVersion "1"]
[SourceVersionDate "2006.09.14"]
[SourceQuality "1"]

1. d4 d5 2. c4 c6 3. Nc3 Nf6 4. Nf3 e6 5. cxd5 exd5 6. Bg5 Be7 7. e3 0-0 8. Bd3 Nbd7 9. Qc2 Re8 10. 0-0 Nf8 11. Rab1 a5 12. a3 Bg4 13. Ne5 Bh5 14. b4 axb4 15. axb4 Ng4 16. Bxe7 Qxe7 17. Nxg4 Bxg4 18. b5 Qg5 19. Ne2 Re6 20. Ng3 h5 21. Bf5 Rf6 22. Bxg4 hxg4 23. bxc6 bxc6 24. Rb6 Rc8 25. Rfb1 Rh6 26. Qf5 Qxf5 27. Nxf5 Re6 28. Rb8 Rxb8 29. Rxb8 g6 30. Nh6+ Kg7 31. Nxg4 c5 32. dxc5 d4 33. Rb6 d3 34. Rxe6 Nxe6 35. Kf1 Nxc5 36. f3 f5 37. Nf2 d2 38. Ke2 Nb3 39. Kd3 Kf6 40. Kc3 d1Q 41. Nxd1 Nc5 42. Nf2 Ne6 43. Kc4 g5 44. Nd3 Nf8 45. Kd5 Ng6 46. g3 Ne7+ 47. Kd6 Nc8+ 48. Kc5 Ne7 49. Nb4 Ke6 50. Kd4 Ng6 51. f4 g4 52. e4 fxe4 53. Kxe4 Ne7 54. Nd3 Ng8 55. Nc5+ Kd6 56. Nb7+ Ke6 57. Nd8+ Ke7 58. Nc6+ Ke6 59. Nd4+ Kf6 60. f5 Ne7 61. Kf4 Nd5+ 62. Kxg4 Ke5 63. Nf3+ Ke4 64. Nh4 Ne3+ 65. Kg5 1-0

[Event "Albarino op"]
[Site "Albarino"]
[Date "2006.07.11"]
[Round "9"]
[White "Menendez Rey, Francisco Javier"]
[Black "Torrado Quintela, Julio"]
[Result "0-1"]
[WhiteElo "2251"]
[BlackElo "2201"]
[PlyCount "58"]
[EventDate "2006.07.03"]
[EventType "swiss"]
[EventRounds "9"]
[EventCountry "ESP"]
[SourceTitle "CBM 113 Extra"]
[Source "ChessBase"]
[SourceDate "2006.09.14"]
[SourceVersion "1"]
[SourceVersionDate "2006.09.14"]
[SourceQuality "1"]

1. e4 c5 2. Nf3 d6 3. Bb5+ Nc6 4. 0-0 Nf6 5. Re1 Bd7 6. c3 a6 7. Ba4 b5 8. Bc2 e5 9. d3 Be7 10. Nbd2 0-0 11. Nf1 h6 12. h3 Rc8 13. Ng3 Qc7 14. a4 d5 15. axb5 axb5 16. exd5 Nxd5 17. Bb3 Be6 18. Nf5 Bf6 19. Ne3 Nxe3 20. Bxe3 c4 21. dxc4 Rfd8 22. Qc1 Na5 23. Bc2 Nxc4 24. Be4 Na5 25. Qb1 Rb8 26. b4 Nb3 27. Bh7+ Kh8 28. Ra7 Qxc3 29. Bxh6 gxh6 0-1